Cartas de Fedérico Ozamán

Shranjeno v:
Bibliografske podrobnosti
Format: Knjiga
Jezik:španščina
Izdano: Buenos Aires Difusión 1945
Teme:
Oznake: Označite
Brez oznak, prvi označite!

MARC

LEADER 00000nam a2200000 a 4500
001 UCR2088
003 CL-VaPUC
008 980109e19450000AG |||||||||||||||||spa|d
082 0 4 |a 808.6  |b CAR  |2 21 
245 1 0 |a Cartas de Fedérico Ozamán 
300 |a v 
942 |c BK 
945 |d 19980109 00:00:00  |a jquezada 
260 |a Buenos Aires  |b Difusión  |c 1945 
600 0 |a Jesús  |9 313614 
600 0 7 |a OZAMAN, FEDERICO  |2 CL-VaPUC  |9 399760 
650 0 |a Correspondencia  |9 258963 
650 0 |a Espiritualidad   |9 267331 
650 0 |a Vida religiosa  |9 257284 
650 0 |a Apostolado  |9 398055 
650 0 |a Órdenes religiosas  |9 257499 
583 |a last modification  |c 19980109 00:00:00  |k Rodrigo Vera 
999 |c 265355  |d 265353 
952 |0 0  |1 0  |4 0  |6 808_600000000000000_CAR_1945  |7 0  |8 P  |9 296249  |a BIBTEO  |b BIBTES  |c TEO_FTES  |d 2019-11-20  |h v.1  |i 3370178  |o 808.6 CAR 1945  |p 3370178  |r 2024-01-18  |w 2019-11-20  |y BK  |k ICR 
952 |0 0  |1 0  |4 0  |6 808_600000000000000_CAR_1945  |7 0  |8 P  |9 296250  |a BIBTEO  |b BIBTES  |c TEO_FTES  |d 2019-11-20  |h v.2  |i 3369994  |o 808.6 CAR 1945  |p 3369994  |r 2024-01-18  |w 2019-11-20  |y BK  |k ICR